000 00458nam a2200181Ia 4500
001 30815
003 IN-NITTTR
005 20251114233415.0
008 251113s9999||||xx |||||||||||||| ||eng||
040 _beng
040 _cIN-NITTTR
041 _aeng
082 _a006.3 R687D
100 _aRoiger, Richard
245 0 _aData mining :
_b a tutorial-based primer /
_cRoiger, Richard, Geatz, Michael W.
700 _a Geatz, Michael W.
942 _2ddc
_cBK
999 _c33445
_d33445